=LDR 00000nam 2200000 4500 =001 INLIS000000000042735 =005 20131008015537 =008 ***********************************Ind** =035 ##$$0010-101300000000657 =041 ##$$a Ind =082 ##$$a 612.67 =090 ##$$a 612.67, Mic b =100 ##$$a Mickey Stanley =245 ##$$a Buku ajar keperawatan gerontik, Mickey Stanley; Patricia Gauntlett Beare; alih bahasa, Nety Juniarti, Sari Kurnianingsih =260 ##$$a 2007 $b Jakarta =300 ##$$a xiii, 502 hlm., 27 cm =650 ##$$a Gerontologi =700 ##$$a Patricia Gaunttlet Beare =850 ##$$a NBPNMAT =990 ##$$a 93201/BPAP-NTB/2014 =990 ##$$a 93203/BPAP-NTB/2014 =990 ##$$a 0001/BPAP-NTB/20142014 =990 ##$$a 21602136/BPAP-NTB/2017